Dr. Seuss' The Cat in the Hat DVD/[videorecording] ... Read More
Available copies
- 4 of 4 copies available at LARL/NWRL Consortium.
Current holds
0 current holds with 4 total copies.
Show Only Available Copies
| Location | Call Number / Copy Notes | Barcode | Shelving Location | Status | Due Date |
|---|---|---|---|---|---|
| Godel Memorial-Warren Library | DVD j CAT (Text) | 35500005620909 | Main | Available | - |
| Greenbush Public Library | DVD j CAT (Text) | 35500004393185 | Main | Available | - |
| Hallock Public Library | DVD j CAT (Text) | 35500004401186 | Main | Available | - |
| Roseau Public Library | DVD j CAT (Text) | 35500005556103 | Main | Available | - |
Record details
- ISBN: 0783289502
- ISBN: 9780783289502
- ISBN: 0783262698
- Physical Description: 1 videodisc (82 min.) : sd., col. ; 4 3/4 in.
- Edition: Full screen (1.33:1) version.
- Publisher: Universal City, CA : Universal, 2004, c2003.
Content descriptions
| General Note: | Originally released as a motion picture in 2003. Based on the book by Dr. Seuss. Special features: feature audio commentary with actor Alec Baldwin and director Bo Welch; deleted ... Read More |
| Creation/Production Credits Note: | Director of photography, Emmanuel Lebezki ; ... Read More |
| Participant or Performer Note: | Mike Myers, Alec Baldwin, Kelly Preston, Dakota ... Read More |
| Summary, etc.: | Conrad and Sally Walden are home alone with their ... Read More |
| Target Audience Note: | MPAA rating: PG; for mild crude humor and some ... Read More |
| System Details Note: | DVD, Region 1; Dolby Digital, DTS, SDDS. |
| Language Note: | English, dubbed French, or dubbed Spanish ... Read More |
Search for related items by subject
| Subject: | Cat in the Hat (Fictitious character) > Drama. Brothers and sisters > Drama. Seuss, Dr. Cat in the hat > Film adaptations. |
| Genre: | Feature films. Children's films. Video recordings for the hearing impaired. |
| LDR | 04264cgm a2200829Ia 4500 | ||
|---|---|---|---|
| 001 | 40071 | ||
| 003 | LARL_NWRL_CONSORTIUM | ||
| 005 | 20140620145627.0 | ||
| 007 | vd cvaizq | ||
| 008 | 040112p20042003cau082 g vleng d | ||
| 019 | . | ‡a55850520 | |
| 020 | . | ‡a0783289502 | |
| 020 | . | ‡a9780783289502 | |
| 020 | . | ‡a0783262698 | |
| 024 | 1 | 0. | ‡a025192468322 |
| 024 | 1 | . | ‡a025192147623 |
| 028 | 4 | 2. | ‡a24683 ‡bUniversal |
| 028 | 4 | 2. | ‡a21476 ‡bUniversal |
| 035 | . | ‡a(OCoLC)54012494 ‡z(OCoLC)55850520 | |
| 040 | . | ‡aTEFMT ‡beng ‡cTEFMT ‡dTEF ‡dJED ‡dBTCTA ‡dOCLCQ ‡dOCLCG ‡dEYM ‡dEHH ‡dOCLCQ ‡dBDX ‡dGK7 ‡dTXWLY ‡dOCLCO ‡dOCLCA | |
| 041 | 1 | . | ‡aeng ‡afre ‡aspa ‡jeng ‡jfre ‡jspa ‡heng |
| 050 | 4. | ‡aPN1997 ‡b.C323 2004 | |
| 082 | 0 | 4. | ‡a791.43/72 ‡222 |
| 245 | 1 | 0. | ‡aDr. Seuss' The Cat in the Hat ‡hDVD/[videorecording] / ‡cUniversal Pictures, Dreamworks Pictures, Imagine Entertainment present a Brian Grazer production ; produced by Brian Grazer ; screenplay by Alec Berg & David Mandel & Jeff Schaffer ; directed by Bo Welch. |
| 246 | 3 | 0. | ‡aCat in the Hat |
| 250 | . | ‡aFull screen (1.33:1) version. | |
| 260 | . | ‡aUniversal City, CA : ‡bUniversal, ‡c2004, c2003. | |
| 300 | . | ‡a1 videodisc (82 min.) : ‡bsd., col. ; ‡c4 3/4 in. | |
| 538 | . | ‡aDVD, Region 1; Dolby Digital, DTS, SDDS. | |
| 546 | . | ‡aEnglish, dubbed French, or dubbed Spanish dialogue, French or Spanish subtitles; closed-captioned. | |
| 511 | 1 | . | ‡aMike Myers, Alec Baldwin, Kelly Preston, Dakota Fanning, Spencer Breslin, Amy Hill, Sean Hayes. |
| 508 | . | ‡aDirector of photography, Emmanuel Lebezki ; editor, Don Zimmerman ; music, David Newman ; costume designer, Rita Ryack ; production designer, Alex McDowell ; visual effects producer, Kurt Williams. | |
| 500 | . | ‡aOriginally released as a motion picture in 2003. | |
| 500 | . | ‡aBased on the book by Dr. Seuss. | |
| 521 | 8 | . | ‡aMPAA rating: PG; for mild crude humor and some double-entendres. |
| 520 | . | ‡aConrad and Sally Walden are home alone with their pet fish. It is raining outside, and there is nothing to do. Until The Cat in the Hat walks in the front door. He introduces them to their imagination, and at first it's all fun and games, until things get out of hand and the kids wreak havoc in the home their mother has neatly prepared for an upcoming party. So The Cat must go, go, go, before their parents get back. | |
| 500 | . | ‡aSpecial features: feature audio commentary with actor Alec Baldwin and director Bo Welch; deleted scenes; outtakes; the dirt on D.I.R.T.; the cat; the fish; Seussville U.S.A.; the purrrr-fect stamp; the music; the hat; the real Dr. Seuss; the S.L.O.W.; the kids; the cat stacks; the mother of all messes; dance-a-long with The Cat; DVD-ROM features. | |
| 650 | 0. | ‡aCat in the Hat (Fictitious character) ‡vDrama. | |
| 650 | 0. | ‡aBrothers and sisters ‡vDrama. ‡0(LARL_NWRL_CONSORTIUM)163774 | |
| 600 | 1 | 0. | ‡aSeuss, ‡cDr. ‡tCat in the hat ‡vFilm adaptations. |
| 655 | 7. | ‡aFeature films. ‡2lcgft ‡0(LARL_NWRL_CONSORTIUM)175625 | |
| 655 | 7. | ‡aChildren's films. ‡2lcgft ‡0(LARL_NWRL_CONSORTIUM)175624 | |
| 655 | 7. | ‡aVideo recordings for the hearing impaired. ‡2lcgft ‡0(LARL_NWRL_CONSORTIUM)175744 | |
| 700 | 1 | . | ‡aGrazer, Brian, ‡d1953- ‡0(LARL_NWRL_CONSORTIUM)118746 |
| 700 | 1 | . | ‡aBerg, Alec. ‡0(LARL_NWRL_CONSORTIUM)192219 |
| 700 | 1 | . | ‡aMandel, David, ‡d1971- |
| 700 | 1 | . | ‡aSchaffer, Jeff. ‡0(LARL_NWRL_CONSORTIUM)192223 |
| 700 | 1 | . | ‡aWelch, Bo. ‡0(LARL_NWRL_CONSORTIUM)208001 |
| 700 | 1 | . | ‡aMyers, Mike, ‡d1963- ‡0(LARL_NWRL_CONSORTIUM)108377 |
| 700 | 1 | . | ‡aBaldwin, Alec, ‡d1958- ‡0(LARL_NWRL_CONSORTIUM)154252 |
| 700 | 1 | . | ‡aPreston, Kelly. ‡0(LARL_NWRL_CONSORTIUM)145899 |
| 700 | 1 | . | ‡aFanning, Dakota, ‡d1994- ‡0(LARL_NWRL_CONSORTIUM)148407 |
| 700 | 1 | . | ‡aBreslin, Spencer. ‡0(LARL_NWRL_CONSORTIUM)147580 |
| 700 | 1 | . | ‡aHill, Amy. ‡0(LARL_NWRL_CONSORTIUM)151667 |
| 700 | 1 | . | ‡aHayes, Sean, ‡d1970- ‡0(LARL_NWRL_CONSORTIUM)147896 |
| 700 | 1 | . | ‡aLubezki, Emmanuel. ‡0(LARL_NWRL_CONSORTIUM)149031 |
| 700 | 1 | . | ‡aZimmerman, Don. ‡0(LARL_NWRL_CONSORTIUM)138314 |
| 700 | 1 | . | ‡aNewman, David, ‡d1954- ‡0(LARL_NWRL_CONSORTIUM)106640 |
| 700 | 1 | . | ‡aRyack, Rita. ‡0(LARL_NWRL_CONSORTIUM)147985 |
| 700 | 1 | . | ‡aMcDowell, Alex. ‡0(LARL_NWRL_CONSORTIUM)149563 |
| 700 | 1 | . | ‡aWilliams, Kurt. ‡0(LARL_NWRL_CONSORTIUM)149543 |
| 700 | 1 | . | ‡aSeuss, ‡cDr. ‡tCat in the hat. |
| 710 | 2 | . | ‡aUniversal Pictures (Firm) ‡0(LARL_NWRL_CONSORTIUM)76903 |
| 710 | 2 | . | ‡aDreamworks Pictures. ‡0(LARL_NWRL_CONSORTIUM)144356 |
| 710 | 2 | . | ‡aImagine Entertainment (Firm) ‡0(LARL_NWRL_CONSORTIUM)140334 |
| 948 | . | ‡hNO HOLDINGS IN LAL - 788 OTHER HOLDINGS | |
| 994 | . | ‡aZ0 ‡bLAL | |
| 901 | . | ‡a40071 ‡bOCLC ‡c40071 ‡tbiblio | |

Add to basket
Permalink
Disable Highlighting